Villes les plus peuplées au Québec - Statistiques

Statistiques générales
  • Ce quiz a été pris 24 fois
  • Le résultat moyen est 9 sur 15
Statistiques - réponses
Hint Réponse % Correct
1 Montréal (1 915 366 habitants)
100%
2 Québec (592 658 habitants)
100%
3 Laval (461 509 habitants)
88%
9 Trois-Rivières ( 149 934 habitants)
88%
6 Sherbrooke ( 184 135 habitants)
82%
4 Gatineau (306 105 habitants)
76%
5 Longueuil ( 268 530 habitants)
65%
8 Saguenay (151 972 habitants)
65%
7 Lévis ( 160 882 habitants)
53%
14 Drummondville ( 85 560 habitants)
41%
12 Brossard ( 97 597 habitants)
35%
13 Repentigny ( 91 290 habitants)
35%
11 Saint-Jean-sur-Richelieu ( 100 806 habitants)
35%
15 Saint-Jérôme (85 160 habitants)
35%
10 Terrebonne (126 872 habitants)
29%
Aucun quiz correspondant
Distribution des résultats
% des personnes avec chaque résultat
Percentile par nombre de réponses
Votre historique - résultats
Vous n’avez pas pris ce quiz